00838nam a2200241 a 450000100060000000300080000600500170001400800410003103500190007204000270009104100080011808200220012610000170014824501760016525000110034126000640035230000260041650000320044250400510047465000190052565000310054470000210057532024BD-RjUL20211209051759.0170124r19571950nyu b 001 0 eng d a(BD-RjUL)32113 aDLCcDLCdBD-RjULbeng1 aeng00a201bOTI 19572231 aOtto, Rudolf14aThe idea of the holy :ban inquiry into the non-rational factor in the idea of the divine and its relation to the rational /cby Rudolf Otto ; translated by John W. Harvey a2d ed. aLondon :bOxford University Press,c1950 [Impression 1957]. axix, 232 p. ;c22 cm. aTranslation of Das Heilige. aIncludes bibliographical references and index. aReligion.  a Psychology, Religious.  aHarvey, John W.